000 00261nam a2200097Ia 4500
001 779362
005 20250826165943.0
008 250824s9999 xx 000 0 und d
245 0 _aEĞİTİMDE DEĞİŞİM YÖNETİMİ
_cİRFAN ERDOĞAN
260 _bPEGEM A YAYINLARI
999 _c779362
_d779362